| 000 | 01048nam a2200265 i 4500 | ||
|---|---|---|---|
| 001 | 106472 | ||
| 003 | ES-MaACL | ||
| 005 | 20250812062526.0 | ||
| 007 | t| | ||
| 008 | 221106s1962 sp ||||1| spa d | ||
| 080 | _a94(460)"1936/39"(0:82) | ||
| 080 | _a82.09"19" | ||
| 100 | 1 |
_aCalvo Serer, Rafael, _d1916-1988 _933911 |
|
| 245 | 1 | 3 |
_aLa literatura universal sobre la guerra de España / _cRafael Calvo Serer. |
| 260 |
_aMadrid : _bAteneo, _c1962. |
||
| 300 |
_a72 p. ; _c19 cm. |
||
| 490 | 1 |
_aColección "O crece o muere" ; _v167-168 |
|
| 500 | _aEste trabajo fue dado a conocer por su autor en la conferencia pronunciada en la Biblioteca de la Diputación de Vizcaya, en Bilbao el día 19 de diciembre de 1961. | ||
| 650 | 4 |
_aLiteratura- _yS.XX- _xHistoria y crítica. _9139829 |
|
| 651 | 4 |
_aEspaña- _xHistoria- _y1936-1939, Guerra civil- _vObras literarias. _98311 |
|
| 710 | 2 |
_aAteneo de Madrid. _91875 |
|
| 830 | 0 | 0 |
_aColección "O crece o muere" _v167-168 _9183476 |
| 852 |
_aES-MaACL _j2208-F-10 _bR.138042 |
||
| 999 |
_c106472 _d106472 |
||